Datum a čas kvízu
40
Celkem bodů
Celkový počet nahraných bodů na tomto kvízu bez doplňovacích otázek.
1.
Pořadí na kvízu
Konečné umístění týmu na tomto kvízu.
Zaznamenané odpovědi
| # | Otázka | Odpověď | Body | Výsledky |
|---|---|---|---|---|
| 1. | Dopravní podnik hlavního města... | o bezkontaktní platební terminály | 1 | |
| 2. | Okázalé zahájení návštěvy seve... | Strojvůdce přejel místo, kde byl připraven červený koberec. | 1 | |
| 3. | Minulý týden vstoupil do kin p... | (Avengers:) Endgame | 1 | |
| 4. | Kanadská těžařská společnosti... | Botswana | 0 | |
| 5. | Petra Kvitová se na antukovém... | Stuttgart | 1 | |
| 6. | Na obrázku vidíme jedno z nejs... | Frísko | 1 | |
| 7. | Jak se jmenuje bývalá nizozems... | Beatrix | 1 | |
| 8. | Nizozemsko se může pyšnit slav... | brambory | 1 | |
| 9. | V nizozemském Haagu sídlí jist... | Shell | 1 | |
| 10. | Mezi nejoblíbenější sporty v N... | PSV Eindhoven | 1 |